书目信息 |
| 题名: |
教师不可不知的心理学
|
|
| 作者: | 唐全腾 著 | |
| 分册: | ||
| 出版信息: | 上海 华东师范大学出版社 2008 |
|
| 页数: | 179页 | |
| 开本: | 24cm | |
| 丛书名: | ||
| 单 册: | ||
| 中图分类: | G443 | |
| 科图分类: | ||
| 主题词: | 教师心理学 | |
| 电子资源: | ||
| ISBN: | 978-7-5617-5958-5 | |
| 000 | 00854nam0 2200265 450 | |
| 001 | 100428483980 | |
| 005 | 20110222143859.35 | |
| 010 | @a978-7-5617-5958-5@dCNY25.00 | |
| 035 | @a003906321 | |
| 100 | @a20080911d2008 em y0chiy0110 ea | |
| 101 | 0 | @achi |
| 102 | @aCN@b310000 | |
| 105 | @ay z 000yy | |
| 106 | @ar | |
| 200 | 1 | @a教师不可不知的心理学@9jiao shi bu ke bu zhi de xin li xue@f唐全腾著 |
| 210 | @a上海@c华东师范大学出版社@d2008 | |
| 215 | @a179页@d24cm | |
| 300 | @a创智学习 | |
| 305 | @a台湾心理出版社股份有限公司授权出版 | |
| 330 | @a本书作者结合教学场景,选择了校园中最常见的事情来分析其中所包含的心理学的原理,并从教师的角度给出了自己的认识和处理方法。 | |
| 606 | 0 | @a教师心理学 |
| 690 | @aG443@v4 | |
| 701 | 0 | @a唐全腾@9tang quan teng@4著 |
| 801 | 0 | @aCN@bNLC@c20110222 |
| 905 | @b205984130-167@h598413-16@dG443@e187@f4 | |
| 教师不可不知的心理学/唐全腾著.-上海:华东师范大学出版社,2008 |
| 179页;24cm |
| 创智学习 |
| ISBN 978-7-5617-5958-5:CNY25.00 |
| 本书作者结合教学场景,选择了校园中最常见的事情来分析其中所包含的心理学的原理,并从教师的角度给出了自己的认识和处理方法。 |
| ● |
| 相关链接 |
|
|
|
|
正题名:教师不可不知的心理学
索取号:G443/187
 
预约/预借
| 序号 | 登录号 | 条形码 | 馆藏地/架位号 | 状态 | 备注 |
| 1 | 598413 | 205984130 | 第一样本阅览室/ [索取号:G443/187] | 在馆 | |
| 2 | 598414 | 205984149 | 第四借阅区/ [索取号:G443/187] | 在馆 | |
| 3 | 598415 | 205984158 | 第四借阅区/ [索取号:G443/187] | 在馆 | |
| 4 | 598416 | 205984167 | 第四借阅区/ [索取号:G443/187] | 在馆 |